Statistiques concernant Pays par image n°2

Cliquez ici pour prendre le quiz!

Statistiques générales

  • Ce quiz a été pris 7 040 fois
  • Le résultat moyen est 10 sur 15

Statistiques - réponses

Réponse% Correct
Égypte
100%
Royaume-Uni
97%
Pérou
92%
Mongolie
83%
Italie
78%
Arabie Saoudite
78%
Viêt Nam
73%
Turquie
68%
Irak
56%
Suisse
52%
Malaisie
47%
Indonésie
42%
Madagascar
33%
Équateur
32%
Ukraine
23%

Distribution des résultats

Percentile par nombre de réponses

% des personnes avec chaque résultat

Votre développement - résultats

Vous n’avez pas pris ce quiz